Mario Party - Tous les jeux - Statistiques

Statistiques générales
  • Ce quiz a été pris 90 fois
  • Le résultat moyen est 14 sur 18
Statistiques - réponses
Année Console Jeux % Correct
1999 N64 Mario Party
100%
2000 N64 Mario Party 2
97%
2001 N64 Mario Party 3
96%
2002 GameCube Mario Party 4
96%
2007 Wii Mario Party 8
96%
2015 Wii U Mario Party 10
94%
2003 GameCube Mario Party 5
94%
2005 GameCube Mario Party 6
94%
2006 GameCube Mario Party 7
94%
2012 Wii Mario Party 9
93%
2018 Switch Super Mario Party
79%
2007 DS Mario Party DS
74%
2021 Switch Mario Party Superstars
66%
2024 Switch Super Mario Party Jamboree
59%
2005 Game Boy Advance Mario Party Advance
51%
2014 3DS Island Tour
34%
2016 3DS Star Rush
28%
2017 3DS The Top 100
25%
Aucun quiz correspondant
Distribution des résultats
% des personnes avec chaque résultat
Percentile par nombre de réponses
Votre historique - résultats
Vous n’avez pas pris ce quiz